| 000 | 00580cam a2200181 4500500 | ||
|---|---|---|---|
| 005 | 20251228090734.0 | ||
| 041 | _afre | ||
| 042 | _adc | ||
| 100 | 1 | 0 |
_aSavin, Pierre _eauthor |
| 700 | 1 | 0 |
_aMartin, Hervé _eauthor |
| 700 | 1 | 0 |
_aHaye, François _eauthor |
| 700 | 1 | 0 |
_aCaradec, Jean-Yves _eauthor |
| 245 | 0 | 0 | _aPages de début |
| 260 | _c2016. | ||
| 500 | _a22 | ||
| 786 | 0 | _nBulletin de l’Amitié Charles Péguy | 153 | 1 | 2016-04-12 | 0180-8567 | |
| 856 | 4 | 1 | _uhttps://shs.cairn.info/revue-bulletin-de-lamitie-charles-peguy-2016-1-page-0?lang=fr&redirect-ssocas=7080 |
| 999 |
_c1602647 _d1602647 |
||